The Emoji Quiz-Smileys and People - Statistics

General Stats
  • This quiz has been taken 43 times
  • The average score is 18 of 204
Answer Stats
Emoji Meaning % Correct
๐Ÿ‘ฆ Boy
50%
๐Ÿ‘— Dress
50%
๐Ÿ‘ช Family
50%
๐Ÿ‘ง Girl
50%
๐Ÿ‘ถ Baby
47%
๐Ÿ‘ Eye
47%
๐Ÿ‘ƒ Nose
44%
๐Ÿ‘ Thumbs up
44%
๐Ÿ‘‘ Crown
41%
๐Ÿ‘‚ Ear
41%
๐Ÿ’ Kiss
41%
๐Ÿ’„ Lipstick
41%
๐Ÿ‘จ Man
41%
๐Ÿ‘Ž Thumbs down
41%
๐Ÿ‘… Tongue
41%
๐Ÿ‘ฝ Alien
38%
๐Ÿ‘€ Eyes
38%
๐Ÿ‘ป Ghost
38%
๐Ÿ‘“ Glasses
38%
๐Ÿ’ Ring
38%
๐Ÿ•ถ Sunglasses
38%
๐Ÿ‘™ Bikini
34%
๐Ÿ‘ฉ Woman
34%
๐Ÿ‘– Jeans
31%
๐Ÿ‘„ Mouth
31%
๐Ÿ‘› Purse
31%
๐ŸŽ… Santa Claus
31%
๐Ÿ’€ Skull
28%
๐Ÿ’ค Sleeping
28%
๐Ÿ˜€ | ๐Ÿ˜ฌ Grinning face
25%
๐Ÿ‘ด Old man
25%
๐Ÿ‘• T-shirt
25%
๐Ÿ˜  Angry face
22%
๐Ÿ•ต Detective
22%
๐Ÿ‘ฃ Footprints
22%
๐ŸŽ“ Graduation cap
22%
๐Ÿ‘ท Construction worker
19%
๐Ÿ’‚ Guard
19%
๐Ÿ‘ต Old woman
19%
๐Ÿค” Thinking face
19%
๐ŸŽฉ Top hat
19%
๐Ÿ˜ข Crying face
16%
๐Ÿ˜— Kissing face
16%
๐Ÿ–• Middle finger
16%
๐Ÿ‘ฎ Police officer
16%
๐Ÿ‘ธ Princess
16%
๐Ÿ‘ผ Baby angel
13%
๐ŸŒ‚ Closed umbrella
13%
๐Ÿค“ Nerd face
13%
๐Ÿค– Robot face
13%
โ˜บ๏ธ Smiling face
13%
๐Ÿ’ผ Briefcase
9%
๐Ÿ‘ Clapping hands
9%
๐Ÿ˜ฟ Crying cat face
9%
๐Ÿ˜ Grinning face with smiling eyes
9%
๐Ÿ‘œ Handbag
9%
๐Ÿ’… Nail polish
9%
๐Ÿ‘Ÿ Running shoe
9%
๐Ÿ˜ด Sleeping face
9%
๐Ÿ™ƒ Upside down face
9%
๐Ÿ˜‰ Winking face
9%
๐Ÿ˜‚ Face with tears of joy
6%
โ˜น๏ธ frowning face
6%
๐Ÿ’ฉ Pile of poo
6%
๐Ÿ˜ก Pouting face
6%
๐ŸŽ’ School backpack
6%
๐Ÿ˜ˆ Smiling face with horns
6%
๐Ÿ˜ซ Tired face
6%
๐Ÿ‘‹ Waving hand
6%
๐Ÿ˜Ÿ Worried face
6%
๐Ÿ‘ฟ Angry face with horns
3%
๐Ÿ‘ฑ Blond haired person
3%
๐Ÿ‘ฐ Bride with veil
3%
๐Ÿ˜• Confused face
3%
๐Ÿ‘จโ€๐Ÿ‘จโ€๐Ÿ‘ฆ Family man man boy
3%
๐Ÿ‘จโ€๐Ÿ‘จโ€๐Ÿ‘ง Family man man girl
3%
๐Ÿ‘จโ€๐Ÿ‘ฉโ€๐Ÿ‘ฆโ€๐Ÿ‘ฆ Family man woman boy boy
3%
๐Ÿ‘จโ€๐Ÿ‘ฉโ€๐Ÿ‘ง Family man woman girl
3%
๐Ÿ‘จโ€๐Ÿ‘ฉโ€๐Ÿ‘งโ€๐Ÿ‘ฆ Family man woman girl boy
3%
๐Ÿ‘จโ€๐Ÿ‘ฉโ€๐Ÿ‘งโ€๐Ÿ‘ง Family man woman girl girl
3%
๐Ÿ‘ฉโ€๐Ÿ‘ฉโ€๐Ÿ‘ฆ Family woman woman boy
3%
๐Ÿ‘ฉโ€๐Ÿ‘ฉโ€๐Ÿ‘ง Family woman woman girl
3%
๐Ÿ™ Folded hands
3%
๐Ÿ‘บ Goblin
3%
๐Ÿ‘˜ Kimono
3%
๐Ÿ˜š Kissing face with closed eyes
3%
๐Ÿ‘จโ€โค๏ธโ€๐Ÿ’‹โ€๐Ÿ‘จ Kiss man man
3%
๐Ÿ‘ฉโ€โค๏ธโ€๐Ÿ’‹โ€๐Ÿ‘ฉ Kiss woman woman
3%
๐Ÿค‘ Money mouth face
3%
๐Ÿ‘น Ogre
3%
๐Ÿ‘ Open hands
3%
๐Ÿ˜พ Pouting cat face
3%
โœŠ Raised fist
3%
๐Ÿ˜Œ Relieved face
3%
๐Ÿ˜ป Smiling cat face with heart-eyes
3%
๐Ÿ˜‡ Smiling face with halo
3%
๐Ÿ˜Š Smiling face with smiling eyes
3%
๐Ÿ˜Ž Smiling face with sunglasses
3%
๐Ÿ’ƒ Woman dancing
3%
๐Ÿ‘’ Woman's hat
3%
๐Ÿ˜ง Anguished face
0%
๐Ÿ˜ฒ Astonished face
0%
๐Ÿ‘‡ Backhand index pointing down
0%
๐Ÿ‘ˆ Backhand index pointing left
0%
๐Ÿ‘‰ Backhand index pointing right
0%
๐Ÿ‘† Backhand index pointing up
0%
๐Ÿ‘ค Bust in Silhouette
0%
๐Ÿ‘ฅ Busts in silhouette
0%
๐Ÿ˜น Cat face with tears of joy
0%
๐Ÿ˜ผ Cat face with wry smile
0%
๐Ÿ‘ Clutch bag
0%
๐Ÿ˜– Confounded face
0%
๐Ÿ’‘ Couple with heart
0%
๐Ÿ‘จโ€โค๏ธโ€๐Ÿ‘จ Couple with heart man man
0%
๐Ÿ‘ฉโ€โค๏ธโ€๐Ÿ‘ฉ Couple with heart woman woman
0%
๐Ÿ˜ฅ Disappointed but relieved face
0%
๐Ÿ˜ž Disappointed face
0%
๐Ÿ˜ต Dizzy face
0%
๐Ÿ˜‘ Expressionless face
0%
๐Ÿ˜˜ Face blowing a kiss
0%
๐Ÿ˜‹ Face savouring delicious food
0%
๐Ÿ˜ฑ Face screaming in fear
0%
๐Ÿ˜“ Face with cold sweat
0%
๐Ÿค• Face with head-bandage
0%
๐Ÿ˜ท Face with medical mask
0%
๐Ÿ˜ฎ Face with open mouth
0%
๐Ÿ˜ฐ Face with open mouth and cold sweat
0%
๐Ÿ˜ถ Face without mouth
0%
๐Ÿ™„ Face with rolling eyes
0%
๐Ÿ˜ค Face with steam from nose
0%
๐Ÿ˜› Face with stuck out tongue
0%
๐Ÿ˜ Face with stuck out tongue and closed eyes
0%
๐Ÿ˜œ Face with stuck out tongue and winking eye
0%
๐Ÿค’ Face with thermometer
0%
๐Ÿ‘จโ€๐Ÿ‘จโ€๐Ÿ‘ฆโ€๐Ÿ‘ฆ Family man man boy boy
0%
๐Ÿ‘จโ€๐Ÿ‘จโ€๐Ÿ‘งโ€๐Ÿ‘ฆ Family man man girl boy
0%
๐Ÿ‘จโ€๐Ÿ‘จโ€๐Ÿ‘งโ€๐Ÿ‘ง Family man man girl girl
0%
๐Ÿ‘ฉโ€๐Ÿ‘ฉโ€๐Ÿ‘ฆโ€๐Ÿ‘ฆ Family woman woman boy boy
0%
๐Ÿ‘ฉโ€๐Ÿ‘ฉโ€๐Ÿ‘งโ€๐Ÿ‘ฆ Family woman woman girl boy
0%
๐Ÿ‘ฉโ€๐Ÿ‘ฉโ€๐Ÿ‘งโ€๐Ÿ‘ง Family woman woman girl girl
0%
๐Ÿ˜จ Fearful face
0%
๐Ÿ’ช Flexed biceps
0%
๐Ÿ˜ณ Flushed face
0%
๐Ÿ˜ฆ Frowning face with open mouth
0%
๐Ÿ˜ธ Grinning cat face with smiling eyes
0%
๐Ÿ‘  High-heeled shoe
0%
๐Ÿค— Hugging face
0%
๐Ÿ˜ฏ Hushed face
0%
โ˜ Index pointing up
0%
๐Ÿ˜ฝ Kissing cat face with closed eyes
0%
๐Ÿ˜™ kissing face with smiling eyes
0%
๐Ÿ’‹ Kiss mark
0%
๐Ÿ˜ญ Loudly crying face
0%
๐Ÿ‘ซ Man and woman holding hands
0%
๐Ÿ‘ž Man's shoe
0%
๐Ÿ‘ฒ Man with Chinese cap
0%
๐Ÿ‘” Necktie
0%
๐Ÿ˜ Neutral face
0%
๐Ÿ‘Œ OK hand
0%
๐Ÿ‘Š Oncoming fist
0%
๐Ÿ˜” Pensive face
0%
๐Ÿ‘ฏ People with bunny ears partying
0%
๐Ÿ˜ฃ Persevering face
0%
๐Ÿ™‡ Person bowing
0%
๐Ÿ™ Person frowning
0%
๐Ÿ™… Person gesturing no
0%
๐Ÿ™† Person gesturing OK
0%
๐Ÿ’‡ Person getting haircut
0%
๐Ÿ’† Person getting massage
0%
๐Ÿ™Ž Person pouting
0%
๐Ÿ™‹ Person raising hand
0%
๐Ÿƒ Person running
0%
๐Ÿ’ Person tipping hand
0%
๐Ÿšถ Person walking
0%
๐Ÿ‘ณ Person wearing turban
0%
โœ‹ Raised hand
0%
๐Ÿ– Raised hand with fingers splayed
0%
๐Ÿ™Œ Raising hands
0%
โ›‘ Rescue worker's helmet
0%
๐Ÿค˜ Sign of horns
0%
๐Ÿ˜ช Sleepy face
0%
๐Ÿ™ Slightly frowning face
0%
๐Ÿ™‚ Slightly smiling face
0%
๐Ÿ˜บ Smiling cat face with open mouth
0%
๐Ÿ˜ Smiling face with heart eyes
0%
๐Ÿ˜ƒ Smiling face with open mouth
0%
๐Ÿ˜† Smiling face with open mouth and closed eyes
0%
๐Ÿ˜… Smiling face with open mouth and cold sweat
0%
๐Ÿ˜„ Smiling face with open mouth and smiling eyes
0%
๐Ÿ˜ Smirking face
0%
๐Ÿ—ฃ Speaking head
0%
๐Ÿ‘ฌ Two man holding hands
0%
๐Ÿ‘ญ Two women holding hands
0%
๐Ÿ˜’ Unamused face
0%
โœŒ Victory hand
0%
๐Ÿ–– Vulcan salute
0%
๐Ÿ™€ Weary cat face
0%
๐Ÿ˜ฉ Weary face
0%
๐Ÿ‘ข Woman's boot
0%
๐Ÿ‘š Woman's clothes
0%
๐Ÿ‘ก Woman's sandal
0%
โœ Writing hand
0%
๐Ÿค Zipper-mouth face
0%
No matching quizzes found
Score Distribution
Percent of People with Each Score
Percentile by Number Answered
Your Score History
You have not taken this quiz